000 00627nam a2200253Ia 4500
003 OSt
005 20221005131014.0
006 a|||||r|||| 00| 0
007 ta
008 221004b |||||||| |||| 00| 0 eng d
020 _a9784905091073 (pbk)
024 _a104069
037 _cTextual
040 _aCRL
_cCRL
_beng
041 _2eng
_aeng
082 _aA0aR, [Q0]
100 _aMiyamoto Etsuya
_9639000
245 0 _aScxience common sense revolution
260 _c2010
300 _a212p.
_ccm.
650 _aSCIENCE
942 _hA0aR, [Q0]
_cTEXL
_2cc
999 _c1059074
_d1059074